[Event "AUTO-OPEN-2630"]
[Site "http://www.queenalice.com/game.php?id=1037945"]
[Date "2012.3.10"]
[Round "1"]
[White "Extremumfelicitatum"]
[Black "gdifazzolo"]
[Result "1-0"]
[WhiteElo "1929"]
[BlackElo "726"]

1. e4 f5 2. exf5 Nh6 3. Qh5+ Nf7 4. Bc4 g6 5. fxg6 hxg6 6. Bxf7+ Kxf7 7. Qxh8 d5
8. Nf3 Qd6 9. d4 Qe6+ 10. Be3 Qe4 11. Ng5+ Ke8 12. Nxe4 a5 13. Bh6 Bg4 14. Qxf8+
Kd7 15. Nc5+ Kd6 16. Bf4+ Kc6 17. a4 g5 18. Qe8+ Kb6 19. Qb5+ Ka7 20. Qxb7# 1-0

[Event "AUTO-OPEN-2630"]
[Site "http://www.queenalice.com/game.php?id=1037946"]
[Date "2012.3.10"]
[Round "1"]
[White "gdifazzolo"]
[Black "Extremumfelicitatum"]
[Result "0-1"]
[WhiteElo "734"]
[BlackElo "1828"]

1. b4 d5 2. Bb2 Nf6 3. Be5 Nc6 4. Nc3 Nxe5 5. Nxd5 Qxd5 6. c4 Nxc4 7. e4 Nxe4 8.
d3 Nc3 9. Qa4+ Nxa4 10. Rd1 Ncb2 11. Be2 Nxd1 12. Bh5 Qxh5 13. h4 Ndc3 14. Rh3
Qd1# 0-1

[Event "AUTO-OPEN-2630"]
[Site "http://www.queenalice.com/game.php?id=1037971"]
[Date "2012.3.10"]
[Round "1"]
[White "Ironsteinitz"]
[Black "gdifazzolo"]
[Result "1-0"]
[WhiteElo "1997"]
[BlackElo "748"]

1. d4 e5 2. c3 exd4 3. cxd4 d5 4. Nf3 Qf6 5. Nc3 Nh6 6. Bg5 Be7 7. Bxf6 gxf6 8.
e4 dxe4 9. Nxe4 Bb4+ 10. Nc3 Be6 11. Bd3 Bf5 12. Bxf5 Nxf5 13. Qa4+ Kf8 14.
Qxb4+ Kg8 15. Qxb7 Nd6 16. Qxa8 h5 17. Qxb8+ Kg7 18. Qxc7 Rh6 19. Qxd6 Rg6 20.
O-O-O Rg5 21. Nxg5 a5 22. Nce4 fxg5 23. Qf6+ Kg8 24. Nxg5 a4 25. Qxf7+ Kh8 26.
Qh7# 1-0

[Event "AUTO-OPEN-2630"]
[Site "http://www.queenalice.com/game.php?id=1037972"]
[Date "2012.3.10"]
[Round "1"]
[White "gdifazzolo"]
[Black "Ironsteinitz"]
[Result "0-1"]
[WhiteElo "748"]
[BlackElo "1997"]

1. Nc3 Nf6 2. Ne4 Nxe4 3. f3 Nf6 4. f4 e5 5. fxe5 Ne4 6. d4 d6 7. Qd3 dxe5 8.
Qxe4 Qxd4 9. e3 Qxe4 10. Bb5+ c6 11. h4 cxb5 12. h5 Qxg2 13. h6 Qxh1 14. Bd2
Qxg1+ 15. Ke2 Qxa1 16. Ba5 Bg4+ 17. Kd2 b4 18. c3 Qd1# 0-1

[Event "AUTO-OPEN-2630"]
[Site "http://www.queenalice.com/game.php?id=1037987"]
[Date "2012.3.10"]
[Round "1"]
[White "DORLISS"]
[Black "gdifazzolo"]
[Result "1-0"]
[WhiteElo "1847"]
[BlackElo "746"]

1. e4 f5 2. Nc3 fxe4 3. Nxe4 e5 4. Nf3 Bb4 5. Bc4 Bxd2+ 6. Bxd2 d5 7. O-O dxe4
8. Nxe5 e3 9. fxe3 Qd6 10. Qh5+ Kd8 11. Nf7+ Ke8 12. Nxd6+ Kd8 13. Qe8# 1-0

[Event "AUTO-OPEN-2630"]
[Site "http://www.queenalice.com/game.php?id=1037988"]
[Date "2012.3.10"]
[Round "1"]
[White "gdifazzolo"]
[Black "DORLISS"]
[Result "0-1"]
[WhiteElo "736"]
[BlackElo "1849"]

1. h4 e5 2. d4 exd4 3. g3 Nc6 4. f4 d5 5. Qxd4 Nxd4 6. g4 Bxg4 7. Bg2 Nxc2+ 8.
Kd1 Nxa1 9. Nc3 Qf6 10. Bxd5 O-O-O 11. Kd2 Qxf4+ 12. Kd1 Qd4+ 13. Ke1 Nc2+ 14.
Kf1 Bc5 15. Bxf7 Qf2# 0-1

[Event "Praise!"]
[Site "http://www.queenalice.com/game.php?id=1039041"]
[Date "2012.3.15"]
[Round "-"]
[White "gdifazzolo"]
[Black "Elafsson"]
[Result "0-1"]
[WhiteElo "728"]
[BlackElo "2040"]

1. h4 e5 2. d4 exd4 3. e4 dxe3 4. fxe3 Be7 5. Rh3 d5 6. e4 Bxh4+ 7. Rxh4 Qxh4+
8. Kd2 dxe4 9. Qe2 Nf6 10. Qb5+ Nc6 11. Qe5+ Nxe5 12. Bb5+ c6 13. Nf3 exf3 14.
Kd1 fxg2 15. Kd2 Ne4+ 16. Kd1 Bg4+ 17. Be2 g1=R# 0-1

[Event "AUTO-BEG-527"]
[Site "http://www.queenalice.com/game.php?id=1039595"]
[Date "2012.3.16"]
[Round "1"]
[White "gdifazzolo"]
[Black "kowisss"]
[Result "0-1"]
[WhiteElo "726"]
[BlackElo "1283"]

1. e4 e6 2. d4 d5 3. exd5 exd5 4. Qd3 Bd6 5. Qe3+ Ne7 6. Qh3 Bxh3 7. gxh3 Nf5 8.
Bb5+ c6 9. Ba4 Qe7+ 10. Kd1 Nxd4 11. Nc3 O-O 12. h4 Re8 13. b4 Qe1# 0-1

[Event "AUTO-BEG-527"]
[Site "http://www.queenalice.com/game.php?id=1039596"]
[Date "2012.3.16"]
[Round "1"]
[White "kowisss"]
[Black "gdifazzolo"]
[Result "1-0"]
[WhiteElo "1283"]
[BlackElo "726"]

1. d4 e5 2. dxe5 d6 3. exd6 cxd6 4. e4 Qa5+ 5. Nc3 Qe5 6. Nf3 Qxe4+ 7. Nxe4 Bg4
8. Nxd6+ Kd8 9. Nxf7+ Ke8 10. Qd8+ Kxf7 11. Ne5+ Ke6 12. Bc4+ Kxe5 13. f4+ Kf5
14. Qg5+ Ke4 15. Qd5# 1-0

[Event "AUTO-BEG-527"]
[Site "http://www.queenalice.com/game.php?id=1039597"]
[Date "2012.3.16"]
[Round "1"]
[White "gdifazzolo"]
[Black "shubhankar"]
[Result "0-1"]
[WhiteElo "767"]
[BlackElo "1297"]

1. e4 e5 2. d4 Qf6 3. dxe5 Qxe5 4. Qd3 c6 5. h4 d5 6. a4 dxe4 7. Be2 exd3 8. Be3
dxe2 9. Rh3 Bxh3 10. gxh3 Qxb2 11. Bg5 Qxa1 12. Kxe2 Qxb1 13. Nf3 Be7 14. Nd4
Bxg5 15. hxg5 Na6 16. g6 fxg6 17. Nf3 Qxc2+ 18. Ke1 Qxa4 19. Nh2 Rd8 20. Ng4
Qd1# 0-1

[Event "AUTO-BEG-527"]
[Site "http://www.queenalice.com/game.php?id=1039598"]
[Date "2012.3.16"]
[Round "1"]
[White "shubhankar"]
[Black "gdifazzolo"]
[Result "1-0"]
[WhiteElo "1295"]
[BlackElo "769"]

1. e4 d5 2. Qe2 dxe4 3. Qxe4 Qd6 4. d3 Qb4+ 5. Qxb4 a5 6. Qe4 Ra6 7. Bg5 Rc6 8.
c4 Rd6 9. Nc3 b5 10. Nd5 Rc6 11. Bxe7 Rh6 12. Bxf8+ Be6 13. Nf3 Rh5 14. Nxc7+
Kxf8 15. Nxe6+ fxe6 16. Qxe6 bxc4 17. dxc4 Rc5 18. Rd1 Rxc4 19. Rd8# 1-0

[Event "AUTO-BEG-527"]
[Site "http://www.queenalice.com/game.php?id=1039599"]
[Date "2012.3.16"]
[Round "1"]
[White "gdifazzolo"]
[Black "Cowdog"]
[Result "0-1"]
[WhiteElo "775"]
[BlackElo "1298"]

1. h4 e5 2. e4 Nf6 3. d4 exd4 4. e5 Nd5 5. e6 dxe6 6. Rh3 e5 7. Re3 dxe3 8. Bb5+
Bd7 9. Qxd5 exf2+ 10. Kxf2 Qf6+ 11. Ke1 c6 12. Qd3 cxb5 13. a4 Bc5 14. Qc3 Bxg1
15. Qc5 Bxc5 16. c4 Qf2+ 17. Kd1 Bg4# 0-1

[Event "AUTO-BEG-527"]
[Site "http://www.queenalice.com/game.php?id=1039600"]
[Date "2012.3.16"]
[Round "1"]
[White "Cowdog"]
[Black "gdifazzolo"]
[Result "1-0"]
[WhiteElo "1296"]
[BlackElo "726"]

1. e4 d5 2. exd5 Qxd5 3. Nc3 Qe5+ 4. Qe2 Qd6 5. Nf3 a5 6. d4 Qxd4 7. Nxd4 Ra6 8.
Qf3 Re6+ 9. Nxe6 Bxe6 10. Qxb7 h5 11. Qxb8+ Kd7 12. Qxf8 Rh6 13. Bxh6 f5 14.
Bxg7 f4 15. O-O-O+ Kc6 16. Qa8+ Kc5 17. Qxa5+ Kc6 18. Qb5# 1-0

[Event "Let's Play Chess!"]
[Site "http://www.queenalice.com/game.php?id=1040888"]
[Date "2012.3.20"]
[Round "-"]
[White "kre"]
[Black "gdifazzolo"]
[Result "1-0"]
[WhiteElo "1781"]
[BlackElo "771"]

1. d4 d5 2. e3 e5 3. c4 Bf5 4. Nc3 Bb4 5. Bd2 dxc4 6. Qa4+ Kf8 7. Qxb4+ Qe7 8.
Qxb7 a5 9. Qxa8 h5 10. Qxb8+ Qe8 11. Qxc7 Rh6 12. Bxc4 e4 13. Nh3 Rg6 14. Nf4 h4
15. Nxg6+ Bxg6 16. b4 Bh5 17. bxa5 Qa8 18. Rb1 f5 19. Rb8+ Qxb8 20. Qxb8+ Ke7
21. Bxg8 Bg4 22. Nd5+ Kd7 23. Qc7+ Ke8 24. Qe7# 1-0

[Event "Challenge"]
[Site "http://www.queenalice.com/game.php?id=1048371"]
[Date "2012.4.12"]
[Round "-"]
[White "blueyk"]
[Black "gdifazzolo"]
[Result "1-0"]
[WhiteElo "1338"]
[BlackElo "765"]

1. e3 e5 2. e4 Qe7 3. Nf3 d5 4. d3 dxe4 5. dxe4 Qb4+ 6. Nc3 Bc5 7. Qd2 Be6 8.
Nxe5 Qxe4+ 9. Nxe4 a5 10. Nxc5 Bg4 11. Nxg4 b6 12. Qe3+ Kf8 13. Nb7 Nc6 14. c3
b5 15. Bxb5 a4 16. Bxc6 Ra5 17. Qe8# 1-0

[Event "sorim-2"]
[Site "http://www.queenalice.com/game.php?id=1061251"]
[Date "2012.5.18"]
[Round "2"]
[White "Gabriel_HD"]
[Black "gdifazzolo"]
[Result "1-0"]
[WhiteElo "1825"]
[BlackElo "807"]

1. e4 d5 2. exd5 Qxd5 3. Nc3 Qe5+ 4. Be2 c5 5. Nf3 Qc7 6. d4 cxd4 7. Qxd4 a5 8.
Ne5 Nc6 9. Nxc6 Qxc6 10. Bf3 Qe6+ 11. Be3 b5 12. Rd1 g5 13. Qd8# 1-0